000 00561nam 22001693 4500
001 199743
090 _a199743
100 _a20260107d u||y0pory50 ba
200 _aO ciclo do pão
_eConcelho de Sernancelhe
_fAlberto Correia
210 _a[S.l.]
_c[s.n.]
_dimp. 1983
215 _a33, [3] p.
_cil. ; brochado
_d23 cm
606 _92051
_aAntropologia Cultural. Etnologia. Etnografia. Usos e Costumes. Tradições. Modo de vida. Folclore
675 _a39
_vPT
_zpor
700 _912758
_aCorreia
_bAlberto
_f1942-
801 _aPT
_bBMMN
_gRPC
830 _cVanda
990 _cLIVROS